OUT OF THE CRISIS QUALITY PRODUCTIVITY A (Record no. 5250)

MARC details
000 -LEADER
fixed length control field 00362nam a2200121Ia 4500
008 - FIXED-LENGTH DATA ELEMENTS--GENERAL INFORMATION
fixed length control field 240624s9999 xx 000 0 und d
041 ## - LANGUAGE CODE
Language code of text/sound track or separate title eng
082 ## - DEWEY DECIMAL CLASSIFICATION NUMBER
Classification number 658.4013 DEM
100 ## - MAIN ENTRY--PERSONAL NAME
Personal name DEMING W EDWARDS
245 ## - TITLE STATEMENT
Title OUT OF THE CRISIS QUALITY PRODUCTIVITY A
260 ## - PUBLICATION, DISTRIBUTION, ETC.
Date of publication, distribution, etc. 1992
Place of publication, distribution, etc. Madras
Name of publisher, distributor, etc. Productivity & Quality Publishing Pvt.Ltd.
300 ## - PHYSICAL DESCRIPTION
Extent xiii, : 507 : p. : cm. ; 25
Holdings
Withdrawn status Lost status Damaged status Not for loan Home library Current library Shelving location Date acquired Full call number Barcode Date last seen Copy number Price effective from Koha item type
        IMTN IMTN Rack 27-B 05/15/2007 658.4013 DEM 5250 06/24/2024 1 06/24/2024 Books
Designed & Maintained by: LRC IMT Nagpur Contact: lrc@imtnag.ac.in© 2024. All Rights Reserved.